The encyclopedia of social reform /

Bibliographic Details
Main Author: Bliss, William Dwight Porter, 1856-1926
Format: Book
Language:English
Published: Westport, Conn. : Greenwood Press, [1970]
Subjects:

MARC

Tag First Indicator Second Indicator Subfields
LEADER 00000cam a2200000 4500
001 in00000484921
005 20151013051913.0
008 710624r19701897ctu bd 00010 eng
010 |a  71088519  
020 |a 0837149746 
035 |a (OCoLC)00145770 
035 |9 ACB3149AM 
040 |a DLC  |c DLC  |d TXA  |d UtOrBLW 
049 |a TXAM  |c [958444] 
050 0 0 |a H41  |b .B6 1970 
082 0 |a 301.2/42/03 
100 1 |a Bliss, William Dwight Porter,  |d 1856-1926. 
245 1 4 |a The encyclopedia of social reform /  |c edited by William D. P. Bliss, with the co-operation of many specialists. 
264 1 |a Westport, Conn. :  |b Greenwood Press,  |c [1970] 
300 |a vii, 1439 pages ;  |c 27 cm. 
336 |a text  |b txt  |2 rdacontent 
337 |a unmediated  |b n  |2 rdamedia 
338 |a volume  |b nc  |2 rdacarrier 
500 |a Reprint of the 1897 edition. 
500 |a New (1908) and 3d (1910) editions published under title: The new encyclopedia of social reform. 
504 |a Includes bibliographical references. 
650 0 |a Social sciences  |v Dictionaries. 
650 0 |a Social problems  |x Dictionaries. 
999 |a MARS 
999 f f |s f0af5ea3-5755-30c0-8f9d-2d5348551f81  |i 7b2cd487-695c-3219-b220-54cd91372680  |t 0 
952 f f |p ric  |a Texas A&M University  |b Rellis Campus  |c Joint Library Facility  |d Remote Storage  |t 0  |e H41 .B6 1970  |h Library of Congress classification  |i unmediated -- volume  |m A14802508255 
998 f f |a H41 .B6 1970  |t 0  |l Remote Storage